[Event "Santa Eulalia Vall del Tenes op 7th"]
[Site "Santa Eulalia de Roncana"]
[Date "2018.04.06"]
[Round "1.5"]
[White "Centelles Vivas, Aleix"]
[Black "Ribas Baraldes, Arnau"]
[Result "1-0"]
[WhiteElo "1891"]
[BlackElo "1556"]
[PlyCount "41"]
[EventDate "2018.04.06"]
[EventType "swiss"]
[EventRounds "8"]
[EventCountry "ESP"]
[SourceTitle "EXT 2024"]
[Source "ChessBase"]
[SourceDate "2023.10.10"]
[SourceVersion "1"]
[SourceVersionDate "2023.10.10"]
[SourceQuality "1"]

1. d4 e6 2. Bf4 f5 3. Nf3 Nf6 4. e3 Be7 5. c4 d6 6. Bd3 0-0 7. h3 Nc6 8. Nc3 Qe8 9. 0-0 Bd8 10. d5 e5 11. dxc6 e4 12. cxb7 Bxb7 13. Be2 exf3 14. Bxf3 Rb8 15. Bxb7 Rxb7 16. b3 Rb8 17. Nd5 Ne4 18. Rc1 g5 19. Bh2 Qg6 20. Qd4 c6 21. Qxa7 1-0

[Event "Vall del Tenes op 5th"]
[Site "Vall del Tenes"]
[Date "2016.06.03"]
[Round "7"]
[White "Casassas Brosa, Ramon"]
[Black "Ribas Baraldes, Arnau"]
[Result "1-0"]
[WhiteElo "1648"]
[BlackElo "1700"]
[PlyCount "97"]
[EventDate "2016.04.08"]
[EventType "swiss"]
[EventRounds "8"]
[EventCountry "ESP"]
[SourceTitle "CBM 172 Extra"]
[Source "ChessBase"]
[SourceDate "2016.06.21"]
[SourceVersion "1"]
[SourceVersionDate "2016.06.21"]
[SourceQuality "1"]

1. e4 e6 2. d4 d5 3. exd5 exd5 4. Nf3 Nf6 5. Nc3 Be7 6. h3 0-0 7. Bd3 Be6 8. 0-0 c6 9. Bf4 h6 10. Qd2 Qc8 11. Bxh6 Bxh3 12. Qg5 Qg4 13. Qxg7+ Qxg7 14. Bxg7 Kxg7 15. gxh3 Rh8 16. Bf5 Nbd7 17. Rae1 Bd6 18. Ne5 Nb6 19. Re3 Rag8 20. Rg3+ Kf8 21. Kh1 Rh5 22. Rxg8+ Nxg8 23. Nd7+ Nxd7 24. Bxd7 Ke7 25. Bg4 Rg5 26. f4 Rg7 27. Ne2 Nf6 28. Ng3 Rxg4 29. hxg4 Nxg4 30. Nf5+ Ke6 31. Nxd6 Kxd6 32. Rf3 c5 33. dxc5+ Kxc5 34. Kg2 Nf6 35. Rc3+ Kd6 36. Rc8 Ne4 37. Kf3 Kd7 38. Rf8 f6 39. Ke3 Kc6 40. c4 a6 41. cxd5+ Kxd5 42. Rd8+ Nd6 43. Kd3 Kc6 44. b4 Kc7 45. Rf8 f5 46. a4 Kc6 47. Kd4 Kc7 48. Ke5 Kc6 49. Rf6 1-0